The four spiritual gems (Record no. 614704)
[ view plain ]
| 000 -LEADER | |
|---|---|
| fixed length control field | 00348nam a22001217a 4500 |
| 082 ## - DEWEY DECIMAL CLASSIFICATION NUMBER | |
| Classification number | 297 |
| 100 ## - MAIN ENTRY--PERSONAL NAME | |
| Personal name | Sultan ul Ashiqin Sayyid Shah Barkatullah |
| 245 ## - TITLE STATEMENT | |
| Title | The four spiritual gems |
| Statement of responsibility, etc. | Imam Abu Hamid M. Ahmed Rida Al - Qadri Barkati |
| 260 ## - PUBLICATION, DISTRIBUTION, ETC. | |
| Place of publication, distribution, etc. | Durban: |
| Name of publisher, distributor, etc. | Ahmad Raza Academy; |
| Date of publication, distribution, etc. | 2016. |
| 300 ## - PHYSICAL DESCRIPTION | |
| Extent | 84p. |
| 563 ## - BINDING INFORMATION | |
| Binding note | PB |
| 942 ## - ADDED ENTRY ELEMENTS (KOHA) | |
| Source of classification or shelving scheme | |
| Koha item type | Book |
| Withdrawn status | Lost status | Source of classification or shelving scheme | Damaged status | Not for loan | Permanent Location | Current Location | Date acquired | Total Checkouts | Full call number | Barcode | Date last seen | Price effective from | Koha item type |
|---|---|---|---|---|---|---|---|---|---|---|---|---|---|
| Central Library (CL) | Central Library (CL) | 09/20/2025 | 297 | CL-D-974 | 09/20/2025 | 09/20/2025 | Book | ||||||
| Central Library (CL) | Central Library (CL) | 09/20/2025 | 297 | CL-D-975 | 09/20/2025 | 09/20/2025 | Book |
